Office information systems concepts and applications (Record no. 582515)

000 -LEADER
fixed length control field 00551nam a22001937a 4500
003 - CONTROL NUMBER IDENTIFIER
control field CEME
005 - DATE AND TIME OF LATEST TRANSACTION
control field 20210628205834.0
008 - FIXED-LENGTH DATA ELEMENTS--GENERAL INFORMATION
fixed length control field 210317b xxu||||| |||| 00| 0 eng d
020 ## - INTERNATIONAL STANDARD BOOK NUMBER
International Standard Book Number 0-07-047818-X
040 ## - CATALOGING SOURCE
Transcribing agency .
082 ## - DEWEY DECIMAL CLASSIFICATION NUMBER
Classification number 651.8 ONE
100 ## - MAIN ENTRY--PERSONAL NAME
Personal name O'neil, Sharon.Lund
9 (RLIN) 77204
245 ## - TITLE STATEMENT
Title Office information systems concepts and applications
250 ## - EDITION STATEMENT
Edition statement 3RD
260 ## - PUBLICATION, DISTRIBUTION, ETC.
Place of publication, distribution, etc. NEWYORK
Name of publisher, distributor, etc. GLENCOE
Date of publication, distribution, etc. 1990
300 ## - PHYSICAL DESCRIPTION
Extent XVI,352P
650 ## - SUBJECT ADDED ENTRY--TOPICAL TERM
Topical term or geographic name entry element ELECTRONIC OFFICE MACHINES BUSINESS-DATA PROCESSING OFFICE PRACTIC-AUTOMATION
9 (RLIN) 77205
942 ## - ADDED ENTRY ELEMENTS (KOHA)
Koha item type Book
Source of classification or shelving scheme
Holdings
Withdrawn status Lost status Damaged status Not for loan Permanent Location Current Location Shelving location Date acquired Total Checkouts Full call number Barcode Date last seen Price effective from Koha item type
        College of Electrical & Mechanical Engineering (CEME) College of Electrical & Mechanical Engineering (CEME) General Stacks 06/06/2017   651.8 ONE CEME-32923 06/28/2021 06/28/2021 Book
© 2023 Central Library, National University of Sciences and Technology. All Rights Reserved.